000 00294nam a2200121 i 4500
001 bg
245 0 _aO komitantach algebraicznych pewnych obiektów geometrycznych.
260 _aSzczecin,
_c1979.
040 _cBPK
041 _apol
942 _cKS
008 s pl f |000 0 pol
999 _c18797
_d18797
856 _uhttp://koha.tu.koszalin.pl/cgi-bin/koha/opac-detail.pl?biblionumber=18797
_yKatalog online BPK